Journal of British Studies (Record no. 5881)
[ view plain ]
| 000 -LEADER | |
|---|---|
| fixed length control field | 00904cas a2200157 4500 |
| 008 - FIXED-LENGTH DATA ELEMENTS--GENERAL INFORMATION | |
| fixed length control field | 170427n eng u |
| 022 ## - INTERNATIONAL STANDARD SERIAL NUMBER | |
| International Standard Serial Number | 00219371 |
| 035 ## - SYSTEM CONTROL NUMBER | |
| System control number | (Sirsi) a202645 |
| 050 ## - LIBRARY OF CONGRESS CALL NUMBER | |
| Classification number | http://www.jstor.org/subject/britstud |
| 245 ## - TITLE STATEMENT | |
| Title | Journal of British Studies |
| 260 ## - PUBLICATION, DISTRIBUTION, ETC. | |
| Place of publication, distribution, etc. | JSTOR |
| 310 ## - CURRENT PUBLICATION FREQUENCY | |
| Current publication frequency | Quarterly |
| 362 ## - DATES OF PUBLICATION AND/OR SEQUENTIAL DESIGNATION | |
| Dates of publication and/or sequential designation | Vol. 1 , No. 1 , 1961 - Vol. 55 , No. 2 , 2016 |
| 520 ## - SUMMARY, ETC. | |
| Summary, etc. | The official publication of the North American Conference on British Studies (NACBS), the Journal of British Studies, has positioned itself as the critical resource for scholars of British culture from the Middle Ages through the present. Drawing on both established and emerging approaches, JBS presents scholarly articles and books reviews from renowned international authors who share their ideas on British society, politics, law, economics, and the arts. |
| 650 ## - SUBJECT ADDED ENTRY--TOPICAL TERM | |
| Topical term or geographic name entry element | British Studies |
| Withdrawn status | Lost status | Source of classification or shelving scheme | Damaged status | Not for loan | Home library | Current library | Shelving location | Total Checkouts | Full call number | Barcode | Date last seen | Copy number | Uniform Resource Identifier | Price effective from | Koha item type |
|---|---|---|---|---|---|---|---|---|---|---|---|---|---|---|---|
| Main Library | Main Library | Serials | HTTP://WWW.JSTOR.ORG | 9371111961 | 08/12/2019 | 1 | http://www.jstor.org/subject/britstud | 08/12/2019 | Electronic Resource | ||||||
| Main Library | Main Library | Serials | HTTP://WWW.JSTOR.ORG | 93715522016 | 08/12/2019 | 2 | 08/12/2019 | Electronic Resource |